[Event "BL 1112 Werder Bremen - Schachfr. Berli"]
[Site "Mülheim"]
[Date "2011.10.16"]
[Round "3.6"]
[White "Edouard, Romain"]
[Black "Schneider, Ilja"]
[Result "1/2-1/2"]
[WhiteElo "2608"]
[BlackElo "2472"]
[PlyCount "221"]
[EventDate "2011.10.14"]

1. d4 d5 2. c4 c6 3. Nf3 Nf6 4. Nc3 a6 5. e3 b5 6. b3 Bg4 7. Bd2 e6 8. h3 Bxf3
9. Qxf3 Bb4 10. Bd3 Qa5 11. Rc1 Bxc3 12. Rxc3 Qxa2 13. Qd1 Nbd7 14. O-O O-O 15.
Rc1 bxc4 16. bxc4 Qa3 17. Qc2 Rfb8 18. Ra1 Qb3 19. Rfc1 dxc4 20. Qxc4 Qxc4 21.
Rxc4 c5 22. Bc3 Rc8 23. Ra5 cxd4 24. Bxd4 Rxc4 25. Bxc4 Rc8 26. Bxa6 Ra8 27.
Ra1 Ne4 28. Bb5 Rxa1+ 29. Bxa1 Ndc5 30. Bd4 Nb3 31. Bb2 Nd6 32. Be2 Na5 33. Ba3
Ndc4 34. Bb4 Nc6 35. Bc5 N6a5 36. Bd4 Nd6 37. Bc3 Nc6 38. Bf3 Na7 39. Bb4 Nc4
40. Bc5 Nc8 41. Bc6 Na5 42. Bb5 Nb7 43. Bb4 Nd8 44. Ba5 Nb7 45. Bb4 Nd8 46. f4
Na7 47. Ba4 Nac6 48. Bd6 f5 49. Kf2 Kf7 50. g4 g6 51. Bc7 Ke7 52. Kg3 Nb4 53.
Bb6 Nd5 54. Bd4 Nf7 55. Kf3 g5 56. Bb3 fxg4+ 57. hxg4 Nf6 58. f5 h5 59. Bc5+
Nd6 60. gxh5 g4+ 61. Kg2 Nxh5 62. Bxe6 Ng7 63. Bc8 Nge8 64. Bb4 Kf6 65. Bd7
Nxf5 66. Bxe8 Nxe3+ 67. Kg3 Kf5 68. Bb5 Ke4 69. Bc5 Nf5+ 70. Kxg4 Nd4 71. Bf1
Kd5 72. Bf8 Ke5 73. Bg2 Ne6 74. Ba3 Nc7 75. Bb2+ Ke6 76. Kg5 Nd5 77. Bh3+ Kd6
78. Kf5 Ne3+ 79. Ke4 Nc4 80. Bg7 Nd2+ 81. Kd3 Nf3 82. Ke3 Ng5 83. Bg2 Ne6 84.
Bb2 Nd8 85. Ke4 Nb7 86. Ba3+ Kc6 87. Kd4+ Kb6 88. Kd5 Kc7 89. Bc1 Kb6 90. Bf1
Kc7 91. Be3 Nd8 92. Bg2 Nb7 93. Ke6 Nd8+ 94. Ke7 Nb7 95. Bf2 Na5 96. Bg3+ Kb6
97. Kd7 Nc4 98. Bf2+ Kb5 99. Ke6 Kb4 100. Be1+ Kc5 101. Bf2+ Kb4 102. Bc6 Kc3
103. Be1+ Kd4 104. Bh4 Kc5 105. Bf3 Kd4 106. Bf2+ Kc3 107. Kd5 Nb2 108. Be1+
Kc2 109. Kd4 Kb3 110. Be4 Na4 111. Ba5 1/2-1/2

[Event "BL 1112 Werder Bremen - Schachfr. Berli"]
[Site "Mülheim"]
[Date "2011.10.16"]
[Round "3.7"]
[White "Polzin, Rainer"]
[Black "Babula, Vlastimil"]
[Result "1-0"]
[WhiteElo "2469"]
[BlackElo "2572"]
[PlyCount "77"]
[EventDate "2011.10.14"]

1. e4 c5 2. Nc3 e6 3. Nf3 Nc6 4. Bb5 Nd4 5. O-O a6 6. Bd3 Nxf3+ 7. Qxf3 Qc7 8.
Qg3 Qxg3 9. hxg3 b5 10. a4 b4 11. Nd1 Bb7 12. Ne3 d6 13. Nc4 Nf6 14. Re1 Nd7
15. Na5 Bc8 16. b3 Be7 17. Bb2 Bf6 18. Bxf6 gxf6 19. Rad1 Nb6 20. Bf1 e5 21. c3
Be6 22. cxb4 cxb4 23. d4 O-O 24. d5 Bc8 25. Rc1 Rd8 26. Rc6 Rb8 27. f3 f5 28.
Rec1 fxe4 29. fxe4 f5 30. Rc7 Rd7 31. Rxd7 Bxd7 32. Nc6 Ra8 33. a5 Nc8 34. Nxb4
fxe4 35. Bxa6 e3 36. Bb7 Rb8 37. Bxc8 Bxc8 38. Nc6 Rb7 39. a6 1-0

[Event "BL 1112 Werder Bremen - Schachfr. Berli"]
[Site "Mülheim"]
[Date "2011.10.16"]
[Round "3.8"]
[White "Skripchenko, Almira"]
[Black "Abel, Dennes"]
[Result "0-1"]
[WhiteElo "2470"]
[BlackElo "2427"]
[PlyCount "56"]
[EventDate "2011.10.14"]

1. e4 c6 2. Nc3 d5 3. Nf3 Bg4 4. h3 Bxf3 5. Qxf3 e6 6. Be2 Nf6 7. O-O Bc5 8. e5
Nfd7 9. Qg4 Nxe5 10. Qxg7 Ng6 11. Bh5 Qh4 12. Bxg6 hxg6 13. Ne2 Nd7 14. Qc3 e5
15. a3 Bb6 16. b4 f5 17. d4 exd4 18. Qd2 Ne5 19. Qf4 Kf7 20. Rd1 Rae8 21. Kf1
Nc4 22. a4 Qe7 23. Nxd4 Rh4 24. g4 Rxh3 25. Kg2 Reh8 26. Nf3 Bc7 27. Qd4 Kg8
28. a5 Qe2 0-1

[Event "BL 1112 Turm Emsdetten - Hamburger SK"]
[Site "Mülheim"]
[Date "2011.10.16"]
[Round "3.1"]
[White "Kempinski, Robert"]
[Black "Mchedlishvili, Mikheil"]
[Result "1/2-1/2"]
[WhiteElo "2604"]
[BlackElo "2623"]
[PlyCount "40"]
[EventDate "2011.10.14"]

1. d4 Nf6 2. c4 e6 3. Nf3 Bb4+ 4. Nbd2 O-O 5. a3 Be7 6. b4 a5 7. b5 c5 8. dxc5
Bxc5 9. e3 b6 10. Be2 Bb7 11. O-O d5 12. Bb2 Nbd7 13. Nd4 Rc8 14. cxd5 Bxd5 15.
Bf3 Ne5 16. Bxd5 Qxd5 17. Qe2 Ne4 18. Nxe4 Qxe4 19. Rfd1 Bxd4 20. Rxd4 Qc2
1/2-1/2

[Event "BL 1112 Turm Emsdetten - Hamburger SK"]
[Site "Mülheim"]
[Date "2011.10.16"]
[Round "3.2"]
[White "Spoelman, Wouter"]
[Black "Ghaem Maghami, Ehsan"]
[Result "1-0"]
[WhiteElo "2563"]
[BlackElo "2583"]
[PlyCount "65"]
[EventDate "2011.10.14"]

1. d4 Nf6 2. c4 e6 3. Nc3 Bb4 4. f3 c5 5. d5 O-O 6. e4 Re8 7. Nge2 d6 8. Nf4 e5
9. Nfe2 Nh5 10. Qd3 Nd7 11. a3 Bxc3+ 12. Qxc3 b5 13. g4 Qh4+ 14. Kd1 Nhf6 15.
cxb5 Nb6 16. Qe1 Qxe1+ 17. Kxe1 Bd7 18. Nc3 Reb8 19. h4 Ne8 20. Rh2 Nc7 21. b4
cxb4 22. axb4 Nc8 23. Ra5 Rb7 24. Be3 Rab8 25. Rha2 Bxb5 26. Bxa7 Nxa7 27. Rxa7
Be8 28. b5 Kf8 29. b6 Rxa7 30. Rxa7 Na8 31. b7 Nb6 32. Bb5 Ke7 33. Bc6 1-0

[Event "BL 1112 Turm Emsdetten - Hamburger SK"]
[Site "Mülheim"]
[Date "2011.10.16"]
[Round "3.3"]
[White "Hansen, Sune Berg"]
[Black "Ipatov, Alexander"]
[Result "1/2-1/2"]
[WhiteElo "2566"]
[BlackElo "2591"]
[PlyCount "59"]
[EventDate "2011.10.14"]

1. e4 e5 2. Bc4 Nf6 3. d3 Nc6 4. Nf3 Be7 5. O-O O-O 6. Re1 d6 7. a4 Bg4 8. h3
Be6 9. a5 a6 10. Nbd2 Qd7 11. c3 Kh8 12. Nf1 Rad8 13. Bd2 Bxc4 14. dxc4 Nb8 15.
Ng3 Qc6 16. b3 Ng8 17. h4 Nd7 18. h5 Nc5 19. Bg5 Bxg5 20. Nxg5 Ne6 21. Qg4 Nxg5
22. Qxg5 f6 23. Qh4 Nh6 24. Qh3 Rf7 25. Re3 Rdf8 26. Rf3 Re8 27. Rd3 Ref8 28.
Rf3 Re8 29. Rd3 Ref8 30. Rf3 1/2-1/2

[Event "BL 1112 Turm Emsdetten - Hamburger SK"]
[Site "Mülheim"]
[Date "2011.10.16"]
[Round "3.4"]
[White "Swiercz, Dariusz"]
[Black "Ftacnik, Lubomir Dr"]
[Result "1/2-1/2"]
[WhiteElo "2585"]
[BlackElo "2570"]
[PlyCount "219"]
[EventDate "2011.10.14"]

1. e4 c5 2. Nf3 d6 3. d4 cxd4 4. Nxd4 Nf6 5. Nc3 e6 6. g4 h6 7. Rg1 Nc6 8. Be3
a6 9. Qf3 Ne5 10. Qh3 h5 11. g5 Nfg4 12. f4 Nxe3 13. Qxe3 Ng4 14. Qd2 e5 15.
Nf3 exf4 16. Nd5 Be6 17. Nxf4 Qb6 18. Nxe6 fxe6 19. O-O-O d5 20. Nd4 Bc5 21. h3
e5 22. Nf5 Be3 23. Nxe3 Nxe3 24. Re1 d4 25. Bd3 O-O-O 26. Kb1 Rhf8 27. g6 Rf3
28. Rg5 Rxh3 29. Rxe5 Rg3 30. Qf2 Qxg6 31. Qf4 Qd6 32. Qxg3 Ng4 33. Rc5+ Qxc5
34. e5 Re8 35. Bf5+ Kc7 36. Bxg4 hxg4 37. Qxg4 Re7 38. Qe4 Kb6 39. a3 a5 40. e6
Kc7 41. Qf4+ Qd6 42. Qf5 b6 43. Qe4 g5 44. b3 Qg3 45. a4 g4 46. Rf1 Qe3 47.
Qxg4 Qxe6 48. Qxd4 Rd7 49. Qc3+ Qc6 50. Qe3 Qd6 51. Rf4 Kb7 52. Rc4 Rc7 53.
Qe4+ Ka7 54. Rd4 Qc6 55. Qd3 Qh1+ 56. Kb2 Qh8 57. Kb1 Qh1+ 58. Ka2 Qg2 59. Rd7
Rxd7 60. Qxd7+ Kb8 61. Qd8+ Kb7 62. Qd3 Ka7 63. Kb2 Qg7+ 64. Qc3 Qe7 65. Kc1
Qg5+ 66. Kb2 Qe7 67. Qd4 Kb7 68. Kc3 Qc7+ 69. Kd3 Ka7 70. Qe4 Qd6+ 71. Ke3 Qc7
72. Kf3 Qf7+ 73. Kg4 Qg7+ 74. Kh5 Qh8+ 75. Kg5 Qd8+ 76. Kg4 Qg8+ 77. Kf4 Qf8+
78. Qf5 Qd6+ 79. Kg5 Qc6 80. Qg6 Qg2+ 81. Kh6 Qh3+ 82. Kg7 Qc3+ 83. Kh7 Qh3+
84. Kg8 Qc8+ 85. Kf7 Qd7+ 86. Kf6 Qc6+ 87. Kg5 Qg2+ 88. Kh6 Qh3+ 89. Qh5 Qd7
90. Qg5 Qe6+ 91. Kg7 Qd7+ 92. Kh6 Qd6+ 93. Qg6 Qf4+ 94. Kg7 Qe5+ 95. Qf6 Qe4
96. Qf7+ Ka6 97. Qf1+ Ka7 98. Qd3 Qe7+ 99. Kg6 Qe6+ 100. Kg5 Qe7+ 101. Kg4 Qg7+
102. Kf4 Qc7+ 103. Kg4 Qg7+ 104. Kh5 Qf7+ 105. Qg6 Qf3+ 106. Kh6 Qh3+ 107. Qh5
Qe3+ 108. Qg5 Qh3+ 109. Kg6 Qe6+ 110. Qf6 1/2-1/2

[Event "BL 1112 Turm Emsdetten - Hamburger SK"]
[Site "Mülheim"]
[Date "2011.10.16"]
[Round "3.5"]
[White "Heinemann, Thies"]
[Black "Grandelius, Nils"]
[Result "1/2-1/2"]
[WhiteElo "2469"]
[BlackElo "2536"]
[PlyCount "213"]
[EventDate "2011.10.14"]

1. e4 c5 2. Nf3 e6 3. d4 cxd4 4. Nxd4 a6 5. Bd3 g6 6. O-O Bg7 7. Nf3 Nc6 8. Re1
Nge7 9. c4 O-O 10. Nc3 h6 11. Be3 d5 12. exd5 exd5 13. Bc5 b6 14. Ba3 dxc4 15.
Bxc4 b5 16. Bb3 Ra7 17. Nd5 Rd7 18. Nxe7+ Nxe7 19. Qe2 Bf6 20. Ne5 Rd2 21. Qf3
Bxe5 22. Rxe5 Be6 23. Rae1 Rd3 24. Bxe7 Rxf3 25. Bxd8 Rxb3 26. axb3 Rxd8 27. h3
Rd4 28. Ra1 Bxb3 29. Rxa6 Rd1+ 30. Kh2 Bc4 31. b3 Bxb3 32. Rxb5 Bc4 33. Ra8+
Kg7 34. Rb2 Be6 35. Rab8 Rd4 36. R8b4 Rd3 37. f3 Rc3 38. Kg3 Ra3 39. Rd2 Rc3
40. Kf4 Ra3 41. Rbd4 Rb3 42. g4 Rb1 43. Kg3 Rg1+ 44. Kh2 Ra1 45. R4d3 Rb1 46.
Rd1 Rb2+ 47. Kg3 Ra2 48. f4 Ra5 49. Re1 Kf6 50. Rde3 Rb5 51. Re5 Rb2 52. R1e2
Rb1 53. R2e3 Rg1+ 54. Kf2 Rd1 55. Ke2 Rh1 56. Kf2 Rd1 57. Rc5 Rd2+ 58. Re2 Rd3
59. Kg2 Bd5+ 60. Kh2 Be6 61. Rf2 h5 62. f5 gxf5 63. gxf5 Bd5 64. Ra5 Rd1 65.
Kg3 Rd4 66. Rf4 Rd3+ 67. Kh4 Bg2 68. Kxh5 Rxh3+ 69. Kg4 Rd3 70. Rb4 Bh3+ 71.
Kf4 Rd1 72. Rb6+ Kg7 73. f6+ Kh6 74. Ra3 Be6 75. Rf3 Kg6 76. Ke5 Rd5+ 77. Ke4
Rd8 78. Rf2 Rd1 79. Rb5 Bd7 80. Rc5 Be6 81. Ke5 Re1+ 82. Kd6 Rd1+ 83. Ke7 Rd7+
84. Ke8 Ra7 85. Kf8 Ra8+ 86. Ke7 Ra7+ 87. Kd6 Ra1 88. Re5 Ra6+ 89. Ke7 Ra7+ 90.
Kd8 Ra8+ 91. Kc7 Ra7+ 92. Kb6 Rd7 93. Kc6 Ra7 94. Kb5 Rb7+ 95. Kc5 Rc7+ 96. Kd4
Ra7 97. Rb5 Ra1 98. Re5 Ra4+ 99. Kc3 Ra6 100. Kb4 Rb6+ 101. Ka5 Rd6 102. Kb4
Bd7 103. Re7 Bf5 104. Re5 Rxf6 105. Re1 Bg4 106. Rxf6+ Kxf6 107. Rf1+ 1/2-1/2

[Event "BL 1112 Turm Emsdetten - Hamburger SK"]
[Site "Mülheim"]
[Date "2011.10.16"]
[Round "3.6"]
[White "Hector, Jonny"]
[Black "Reeh, Oliver"]
[Result "1/2-1/2"]
[WhiteElo "2575"]
[BlackElo "2453"]
[PlyCount "82"]
[EventDate "2011.10.14"]

1. d4 Nf6 2. Nc3 d5 3. Bg5 h6 4. Bh4 e6 5. e4 g5 6. Bg3 Nxe4 7. Nxe4 dxe4 8. h4
Bd6 9. Bxd6 cxd6 10. Qg4 Qa5+ 11. c3 Nc6 12. Qxe4 d5 13. Qe3 g4 14. Bd3 Bd7 15.
Ne2 O-O-O 16. O-O Qc7 17. Nf4 Kb8 18. Rfe1 h5 19. Qg3 Bc8 20. Re3 Rh6 21. Rae1
Rdh8 22. Ne2 Qxg3 23. Rxg3 Kc7 24. Re3 Kd6 25. Nf4 Bd7 26. g3 a6 27. Bc2 b6 28.
Nd3 Re8 29. Ba4 f6 30. f4 gxf3 31. Rxf3 Nxd4 32. cxd4 Bxa4 33. Nf4 e5 34. Ng2
exd4 35. Rxe8 Bxe8 36. Nf4 Bd7 37. Rf2 Bg4 38. Rd2 Ke5 39. Nd3+ Kd6 40. Nf4 Ke5
41. Nd3+ Kd6 1/2-1/2

[Event "BL 1112 Turm Emsdetten - Hamburger SK"]
[Site "Mülheim"]
[Date "2011.10.16"]
[Round "3.7"]
[White "Sebastian, Dirk"]
[Black "Janssen, Ruud"]
[Result "1-0"]
[WhiteElo "2446"]
[BlackElo "2498"]
[PlyCount "69"]
[EventDate "2011.10.14"]

1. e4 e5 2. Nf3 Nc6 3. Bc4 Bc5 4. c3 Nf6 5. d3 d6 6. Nbd2 h6 7. h3 Be6 8. O-O
a6 9. Bb3 O-O 10. Nc4 Re8 11. Re1 Qd7 12. Ne3 Rad8 13. Bc2 d5 14. exd5 Bxd5 15.
Nxd5 Nxd5 16. Qe2 f5 17. Bd2 Ba7 18. Rad1 g5 19. Nh2 Kh8 20. Nf1 Re7 21. Bc1
Rg8 22. d4 e4 23. Bb3 f4 24. Qh5 Kh7 25. Bxd5 Qxd5 26. Bxf4 Qxa2 27. Bc1 Qd5
28. h4 Qf7 29. Qxf7+ Rxf7 30. hxg5 hxg5 31. Rxe4 Ne7 32. Ng3 c6 33. Rg4 Kh6 34.
Ne4 Rfg7 35. Rd3 1-0

[Event "BL 1112 Turm Emsdetten - Hamburger SK"]
[Site "Mülheim"]
[Date "2011.10.16"]
[Round "3.8"]
[White "Pruijssers, Roeland"]
[Black "Meissner, Felix"]
[Result "1-0"]
[WhiteElo "2475"]
[BlackElo "2291"]
[PlyCount "45"]
[EventDate "2011.10.14"]

1. e4 c5 2. Nf3 d6 3. d4 cxd4 4. Nxd4 Nf6 5. Nc3 a6 6. Be3 e5 7. Nb3 Be6 8. Qd2
Be7 9. O-O-O O-O 10. f4 Qc7 11. f5 Bc4 12. g4 d5 13. g5 Nxe4 14. Nxe4 Bxb3 15.
axb3 dxe4 16. f6 Bc5 17. fxg7 Rc8 18. Bxc5 Qxc5 19. Bc4 b5 20. g6 bxc4 21.
gxf7+ Kxf7 22. Rhf1+ Kg8 23. Qh6 1-0

[Event "BL 1112 SC Eppingen - SC Remagen"]
[Site "Mülheim"]
[Date "2011.10.16"]
[Round "3.1"]
[White "Gharamian, Tigran"]
[Black "Harikrishna, Pentala"]
[Result "1/2-1/2"]
[WhiteElo "2676"]
[BlackElo "2672"]
[PlyCount "90"]
[EventDate "2011.10.14"]

1. e4 e5 2. Nf3 Nc6 3. Bb5 a6 4. Ba4 Nf6 5. O-O Be7 6. Re1 b5 7. Bb3 d6 8. c3
O-O 9. h3 Nb8 10. d4 Nbd7 11. c4 Bb7 12. Nc3 c6 13. a3 h6 14. Be3 Re8 15. Qc2
Bf8 16. dxe5 Nxe5 17. Nxe5 dxe5 18. Rad1 Qe7 19. Ba2 Red8 20. b4 Rxd1 21. Rxd1
Rd8 22. Bc5 Rxd1+ 23. Qxd1 Qd7 24. Bxf8 Qxd1+ 25. Nxd1 Kxf8 26. Nc3 Bc8 27. h4
Ke7 28. f3 Nh5 29. cxb5 axb5 30. a4 Ba6 31. axb5 Bxb5 32. Kf2 Nf4 33. Bb1 f6
34. g3 Ne6 35. Bc2 Nd4 36. Bd1 Kd6 37. Ke3 Bc4 38. Nb1 Kc7 39. Nc3 Kb6 40. Kd2
g5 41. hxg5 fxg5 42. Na4+ Kc7 43. Ke3 Ne6 44. Nc5 Kd6 45. Nxe6 Bxe6 1/2-1/2

[Event "BL 1112 SC Eppingen - SC Remagen"]
[Site "Mülheim"]
[Date "2011.10.16"]
[Round "3.3"]
[White "Jones, Gawain C B"]
[Black "Bologan, Victor"]
[Result "1/2-1/2"]
[WhiteElo "2624"]
[BlackElo "2657"]
[PlyCount "152"]
[EventDate "2011.10.14"]

1. e4 c6 2. Nc3 d5 3. Nf3 Bg4 4. h3 Bxf3 5. Qxf3 Nf6 6. Be2 e6 7. O-O Nbd7 8.
d4 dxe4 9. Nxe4 Nxe4 10. Qxe4 Nf6 11. Qd3 Bd6 12. b4 Qe7 13. Rb1 O-O 14. Bf3
Rfd8 15. Qb3 a5 16. bxa5 Rdb8 17. Bd2 Bc7 18. Rfd1 h6 19. c4 Qd8 20. d5 exd5
21. cxd5 Qd6 22. g3 Nxd5 23. Bxd5 cxd5 24. Rbc1 Qd7 25. Rc5 b6 26. Qxd5 Rd8 27.
Qxd7 Rxd7 28. Rc2 bxa5 29. Rb1 Bd8 30. a4 Rd4 31. Ra2 g5 32. Rb5 Kh7 33. Be3
Rc4 34. Bb6 Bxb6 35. Rxb6 h5 36. Kg2 Kg7 37. Rb5 Kg6 38. Rb6+ f6 39. Ra3 g4 40.
hxg4 hxg4 41. Ra1 Re8 42. Ra6 Re5 43. Ra8 Rc2 44. Rg8+ Kf5 45. Rh1 Rc4 46. Ra1
Ke6 47. Rg7 Re2 48. Ra7 Re5 49. Rg7 Rb4 50. Ra7 Kf5 51. Rg7 Rd5 52. Rg8 Rbd4
53. Ra8 Kg6 54. Rg8+ Kf7 55. Ra8 Rb4 56. Ra7+ Kg6 57. Ra6 Rb2 58. Ra8 Rf5 59.
Rf1 Kf7 60. Ra7+ Ke6 61. Rg7 Rb4 62. Ra1 Rc5 63. Ra7 Rb2 64. Rg7 Rcc2 65. Rf1
Rb4 66. Ra1 Kf5 67. Ra7 Rc5 68. Rg7 Rb2 69. Ra7 Ke4 70. Rg7 Kf5 71. Ra7 Kg6 72.
Ra8 Rf5 73. Rf1 Kg7 74. Ra7+ Kh6 75. Ra8 Kg7 76. Ra7+ Kg6 1/2-1/2

[Event "BL 1112 SC Eppingen - SC Remagen"]
[Site "Mülheim"]
[Date "2011.10.16"]
[Round "3.5"]
[White "Dgebuadze, Alexandre"]
[Black "Postny, Evgeny"]
[Result "1/2-1/2"]
[WhiteElo "2544"]
[BlackElo "2622"]
[PlyCount "116"]
[EventDate "2011.10.14"]

1. e4 e5 2. Nf3 Nc6 3. Bb5 Nf6 4. O-O Nxe4 5. d4 Nd6 6. Bxc6 dxc6 7. dxe5 Nf5
8. Qxd8+ Kxd8 9. Nc3 b6 10. h3 h6 11. Bd2 Bb7 12. Rad1 Kc8 13. Rfe1 c5 14. Ne4
Be7 15. Bc3 Rd8 16. Rxd8+ Kxd8 17. g4 Nh4 18. Nxh4 Bxh4 19. Ng3 Bxg3 20. fxg3
Ke7 21. Rd1 Ke6 22. Kf2 a5 23. a4 Be4 24. Rc1 Bc6 25. Ra1 g5 26. Ke3 Rh8 27. b3
Bg2 28. h4 h5 29. gxh5 Rxh5 30. Rg1 Bd5 31. hxg5 Rh2 32. Kd3 Bf3 33. Bd2 c4+
34. bxc4 Be2+ 35. Kc3 Bxc4 36. Bf4 Bd5 37. Rd1 Re2 38. Rd4 Re1 39. Kb2 Rf1 40.
Rd2 Rf3 41. Rh2 Be4 42. Rh6+ Bg6 43. Rh2 Rf1 44. Re2 Rd1 45. Re3 Rd7 46. Rc3
Be4 47. Rc4 Bg2 48. Rc3 Bd5 49. Rd3 Re7 50. Rd2 Re8 51. Rh2 Be4 52. Re2 Bc6 53.
Rh2 Be4 54. Re2 Bf5 55. Re3 Rb8 56. Rc3 c5 57. Rb3 c4 58. Rb5 Be4 1/2-1/2

[Event "BL 1112 SC Eppingen - SC Remagen"]
[Site "Mülheim"]
[Date "2011.10.16"]
[Round "3.6"]
[White "Bindrich, Falko"]
[Black "Swinkels, Robin"]
[Result "1/2-1/2"]
[WhiteElo "2548"]
[BlackElo "2494"]
[PlyCount "87"]
[EventDate "2011.10.14"]

1. d4 Nf6 2. c4 e5 3. dxe5 Ng4 4. Nf3 Nc6 5. Bf4 Bb4+ 6. Nbd2 Qe7 7. a3 Ngxe5
8. Nxe5 Nxe5 9. e3 Bxd2+ 10. Qxd2 d6 11. Be2 b6 12. O-O Bb7 13. Qc3 h5 14. c5
bxc5 15. Bxe5 Qxe5 16. Qxe5+ dxe5 17. Rfc1 O-O-O 18. Rxc5 Rd5 19. Rxd5 Bxd5 20.
Rd1 c6 21. h4 g6 22. Kf1 a5 23. g3 Kc7 24. Ke1 Rd8 25. Rd2 Rd6 26. Kd1 Be6 27.
Rxd6 Kxd6 28. Kd2 e4 29. Kc3 c5 30. Bd1 Kc6 31. Ba4+ Kc7 32. Bc2 Bd5 33. Bd1
Kd6 34. g4 hxg4 35. Bxg4 Kc7 36. Bd1 Kd6 37. h5 gxh5 38. Bxh5 Kc7 39. Bd1 Kd6
40. Bb3 Bxb3 41. Kxb3 Kc7 42. Kc3 Kd6 43. Kb3 Kc7 44. Kc3 1/2-1/2

[Event "BL 1112 SC Eppingen - SC Remagen"]
[Site "Mülheim"]
[Date "2011.10.16"]
[Round "3.7"]
[White "Bok, Benjamin"]
[Black "Braun, Arik"]
[Result "1-0"]
[WhiteElo "2488"]
[BlackElo "2560"]
[PlyCount "107"]
[EventDate "2011.10.14"]

1. e4 c6 2. d4 d5 3. e5 c5 4. dxc5 Nc6 5. Nf3 Bg4 6. c3 e6 7. Be3 a6 8. Bd4
Bxf3 9. Qxf3 Qg5 10. Qe3 Qxe3+ 11. Bxe3 Nxe5 12. f4 Nd7 13. b4 g6 14. Bd4 f6
15. Nd2 Ne7 16. Nb3 Bh6 17. g3 e5 18. Be3 O-O-O 19. O-O-O Rhe8 20. Bd2 exf4 21.
Nd4 Nc6 22. Nxc6 bxc6 23. Bxa6+ Kc7 24. Kb2 Ra8 25. Bf1 f5 26. Bxf4+ Bxf4 27.
gxf4 Rab8 28. Kc2 Re4 29. Bd3 Rxf4 30. Rhe1 Rf2+ 31. Rd2 Ra8 32. Ra1 Rxd2+ 33.
Kxd2 Ra3 34. Kc2 Ne5 35. Kb2 Ra8 36. Bf1 g5 37. a4 f4 38. Re1 Re8 39. Kb3 g4
40. b5 f3 41. b6+ Kb8 42. a5 h5 43. a6 Re7 44. a7+ Ka8 45. Ka4 Ng6 46. Rb1 Nf8
47. Kb4 h4 48. Bb5 cxb5 49. Ra1 Ne6 50. c6 Nd8 51. c7 Nc6+ 52. Kc5 Rxc7 53.
bxc7 Ne7 54. Re1 1-0

[Event "BL 1112 SC Eppingen - SC Remagen"]
[Site "Mülheim"]
[Date "2011.10.16"]
[Round "3.8"]
[White "Ruck, Robert"]
[Black "Popovic, Petar"]
[Result "1-0"]
[WhiteElo "2579"]
[BlackElo "2485"]
[PlyCount "45"]
[EventDate "2011.10.14"]

1. Nf3 Nf6 2. c4 g6 3. d4 Bg7 4. g3 c6 5. Nc3 d5 6. Qb3 O-O 7. Bg2 Qb6 8. O-O
Rd8 9. h3 h6 10. c5 Qxb3 11. axb3 Bd7 12. Bf4 Be8 13. g4 Nbd7 14. b4 a6 15. e3
Nh7 16. Bc7 Rdc8 17. Bg3 Nhf8 18. Rfd1 f6 19. Nd2 Bf7 20. Nb3 e5 21. Na5 Rc7
22. b5 axb5 23. Nxc6 1-0

[Event "BL 1112 SV Hockenheim - Solinger SG"]
[Site "Mülheim"]
[Date "2011.10.16"]
[Round "3.2"]
[White "Lenic, Luka"]
[Black "Sandipan, Chanda"]
[Result "1/2-1/2"]
[WhiteElo "2641"]
[BlackElo "2640"]
[PlyCount "64"]
[EventDate "2011.10.14"]

1. d4 d5 2. c4 c6 3. Nf3 Nf6 4. Nc3 e6 5. Bg5 h6 6. Bxf6 Qxf6 7. e3 Nd7 8. Bd3
dxc4 9. Bxc4 g6 10. O-O Bg7 11. Re1 O-O 12. e4 b6 13. e5 Qe7 14. Bd3 Bb7 15.
Be4 Rfd8 16. Qe2 Nf8 17. h4 Rd7 18. Rac1 Rc8 19. Na4 c5 20. Bxb7 Rxb7 21. dxc5
bxc5 22. h5 gxh5 23. Rc4 Nd7 24. Rec1 Nb6 25. Rxc5 Rxc5 26. Nxc5 Rc7 27. Nd3
Rxc1+ 28. Nxc1 Qb4 29. Nd3 Qg4 30. Kf1 h4 31. Nfe1 Qc4 32. b3 Qd4 1/2-1/2

[Event "BL 1112 SV Hockenheim - Solinger SG"]
[Site "Mülheim"]
[Date "2011.10.16"]
[Round "3.3"]
[White "Smeets, Jan"]
[Black "Baramidze, David"]
[Result "1/2-1/2"]
[WhiteElo "2619"]
[BlackElo "2591"]
[PlyCount "107"]
[EventDate "2011.10.14"]

1. d4 d5 2. c4 e6 3. Nf3 Nf6 4. g3 dxc4 5. Bg2 Nc6 6. Qa4 Bb4+ 7. Bd2 Nd5 8.
Bxb4 Ndxb4 9. Ne5 O-O 10. Bxc6 Nxc6 11. Nxc6 bxc6 12. Qxc4 Rb8 13. Nc3 Rxb2 14.
Na4 Rb5 15. Nc5 Qd5 16. Qxd5 exd5 17. f3 Rb4 18. Rd1 Re8 19. Rg1 Rb6 20. Rd2
Ba6 21. Kf2 Bc4 22. Rc1 f6 23. Rc3 Rb1 24. Nd3 Reb8 25. h4 Kf7 26. Nc5 g6 27.
Rcc2 h6 28. Rc3 g5 29. hxg5 hxg5 30. g4 Rh1 31. Rcc2 Rhb1 32. Nd7 Rh8 33. Rb2
Rh2+ 34. Ke3 Rf1 35. Rb8 Re1 36. Rbb2 Rf1 37. Rb8 Re1 38. Rbb2 Rh8 39. Kf2 Reh1
40. a4 R8h2+ 41. Kg3 Rh3+ 42. Kg2 R1h2+ 43. Kg1 Rh8 44. Rb7 Rh1+ 45. Kg2 R8h2+
46. Kg3 Rh3+ 47. Kf2 R3h2+ 48. Kg3 Rh3+ 49. Kf2 R1h2+ 50. Ke3 Rh8 51. Rb8 Ke7
52. Rxh8 Rxh8 53. Nc5 Rb8 54. Rd1 1/2-1/2

[Event "BL 1112 SV Hockenheim - Solinger SG"]
[Site "Mülheim"]
[Date "2011.10.16"]
[Round "3.4"]
[White "Saric, Ivan"]
[Black "Stellwagen, Daniel"]
[Result "1/2-1/2"]
[WhiteElo "2643"]
[BlackElo "2625"]
[PlyCount "115"]
[EventDate "2011.10.14"]

1. e4 c6 2. Nc3 d5 3. Nf3 dxe4 4. Nxe4 Bf5 5. Ng3 Bg4 6. c3 Nd7 7. h3 Bxf3 8.
Qxf3 Ngf6 9. d4 e6 10. Bd3 Be7 11. O-O O-O 12. Re1 Re8 13. Bg5 Qa5 14. Bd2 c5
15. dxc5 Qxc5 16. Qxb7 Rab8 17. b4 Rxb7 18. bxc5 Nxc5 19. Be2 Rd8 20. Red1 Kf8
21. Be3 Rxd1+ 22. Bxd1 Rc7 23. Rb1 Ncd7 24. Ba4 Nb6 25. Bxb6 Rb7 26. Bc6 Rxb6
27. Rxb6 axb6 28. c4 Bb4 29. Ne4 Ng8 30. Kf1 h6 31. Ke2 f5 32. Ng3 Nf6 33. Kd3
Be1 34. Ke2 Bb4 35. Kd3 Ke7 36. Ne2 Kd6 37. Bb5 e5 38. f3 h5 39. Nc1 h4 40. Ke2
e4 41. fxe4 Nxe4 42. Kf3 g5 43. Nd3 Ba3 44. Ba6 Kc7 45. Ne5 Bb2 46. Nf7 Bc1 47.
Bb5 Nf6 48. Ke2 g4 49. Ne5 Kd6 50. Nd3 Ba3 51. Ba6 Kc7 52. Nf4 Bd6 53. Ne6+ Kd7
54. Nd4 Nh5 55. Bb5+ Kd8 56. Nxf5 gxh3 57. gxh3 Ng3+ 58. Nxg3 1/2-1/2

[Event "BL 1112 SV Hockenheim - Solinger SG"]
[Site "Mülheim"]
[Date "2011.10.16"]
[Round "3.6"]
[White "Neubauer, Martin"]
[Black "Nikolic, Predrag"]
[Result "1-0"]
[WhiteElo "2431"]
[BlackElo "2636"]
[PlyCount "131"]
[EventDate "2011.10.14"]

1. d4 d5 2. c4 dxc4 3. e4 Nf6 4. e5 Nd5 5. Bxc4 Nb6 6. Bd3 Nc6 7. Be3 Be6 8.
Nc3 Bd5 9. Nf3 e6 10. O-O Qd7 11. Rc1 Nb4 12. Nxd5 N4xd5 13. Ng5 O-O-O 14. Qe2
Kb8 15. Ne4 c6 16. a3 f5 17. exf6 gxf6 18. Rfd1 Rg8 19. Nc5 Qf7 20. b4 f5 21.
Bd2 Rg6 22. a4 Nd7 23. b5 Nxc5 24. dxc5 Rc8 25. Bc4 Ka8 26. bxc6 Rxc6 27. Be3
Rc8 28. c6 bxc6 29. Ba6 Rb8 30. Rxc6 f4 31. Qf3 Qd7 32. Rxe6 Qxe6 33. Rxd5 Qxa6
34. Rd7+ Qb7 35. Rxb7 Rxb7 36. Bxf4 Bd6 37. g3 Bxf4 38. Qxf4 Rd7 39. h4 Kb7 40.
Kg2 Rgd6 41. Qe4+ Kb6 42. Qb4+ Kc7 43. Qc5+ Kd8 44. Qg5+ Kc7 45. Qa5+ Kc8 46.
g4 Rd5 47. Qa6+ Kd8 48. Kg3 Rd1 49. Qf6+ Re7 50. h5 Rg1+ 51. Kh4 Rh1+ 52. Kg5
Rhe1 53. Qd6+ Kc8 54. Qc5+ Rc7 55. Qf8+ Kd7 56. Qh8 Rc5+ 57. Kh4 Re7 58. Qd4+
Kc6 59. f4 Rd7 60. Qe4+ Rcd5 61. g5 Kc5 62. g6 hxg6 63. hxg6 a5 64. Qc2+ Kb4
65. f5 Rd2 66. Qc6 1-0

[Event "BL 1112 SV Hockenheim - Solinger SG"]
[Site "Mülheim"]
[Date "2011.10.16"]
[Round "3.7"]
[White "Naumann, Alexander"]
[Black "Paehtz, Elisabeth"]
[Result "1/2-1/2"]
[WhiteElo "2546"]
[BlackElo "2461"]
[PlyCount "109"]
[EventDate "2011.10.14"]

1. c4 Nf6 2. Nc3 g6 3. g3 Bg7 4. Bg2 O-O 5. d4 d6 6. Nf3 Nc6 7. O-O a6 8. Qd3
Nd7 9. Be3 Rb8 10. Rac1 b5 11. cxb5 axb5 12. Qd2 Na5 13. b3 c6 14. Bh6 b4 15.
Bxg7 Kxg7 16. Na4 Ba6 17. Rfd1 Nf6 18. Ne1 Bb5 19. Nb2 Ba6 20. Ned3 Qb6 21. e3
Rfc8 22. Qe1 Bxd3 23. Nxd3 Nd7 24. Rc2 e6 25. Rdc1 Qb5 26. Qd2 Qb6 27. h4 h5
28. Nb2 Qb5 29. Qd3 Qxd3 30. Nxd3 Rb6 31. Nb2 Kf6 32. e4 Ke7 33. f4 Rbb8 34.
Nd3 Rd8 35. f5 e5 36. dxe5 Nxe5 37. Nxe5 dxe5 38. Rc5 Rb5 39. Bf1 Rxc5 40. Rxc5
Nb7 41. Rxc6 Nd6 42. fxg6 fxg6 43. Rb6 Ra8 44. Rxb4 Rxa2 45. Ra4 Rb2 46. Ra7+
Kf8 47. Bc4 Nxe4 48. Rf7+ Ke8 49. Rg7 Nxg3 50. Rxg6 Ne2+ 51. Bxe2 Rxe2 52. Rg5
Re3 53. b4 Re4 54. Rxh5 Rxb4 55. Rxe5+ 1/2-1/2